Introduction to the Thermodynamics of Materials

Enregistré dans:
Détails bibliographiques
Auteur principal: Gaskell, David R. (Auteur)
Format: Livre
Publié: Washington : Taylor and Francis Ltd., 1995
Édition:3rd Edition
Tags: Ajouter un tag
Pas de tags, Soyez le premier à ajouter un tag!

MARC

LEADER 00000nam a22000003a 4500
001 stu52719
005 20150617225707.2
008 000321s1995----xxu---------------------d
020 |a 1-56032-432-5 
040 |a STU  |b slo 
041 0
044 |a xxu 
080 |a 66.021.4 
080 |a 536.7  |7 A000000260 
100 1 |a Gaskell, David R.  |4 aut 
245 1 |a Introduction to the Thermodynamics of Materials 
250 |a 3rd Edition 
260 |a Washington :  |b Taylor and Francis Ltd.,  |c 1995 
300 |a 568 s. Grafy,index 
996 |b C96196  |c C*96196  |l CCVI  |s P  |a 0  |w stu52719_0001 
996 |b C96317  |c C*96317  |l CCXXIII  |s P  |a 0  |w stu52719_0002